|
|
|
|
| LEADER |
00000naa2a2200000 4500 |
| 001 |
186499 |
| 005 |
20240213142840.0 |
| 035 |
|
|
|a (RuTPU)RU\TPU\book\202348
|
| 090 |
|
|
|a 186499
|
| 100 |
|
|
|a 20101028d2008 k y0rusy50 ca
|
| 101 |
0 |
|
|a rus
|
| 102 |
|
|
|a RU
|
| 200 |
1 |
|
|a Отказ от субстанциолизма как основание процесса деконструкции единства истины
|f А. А. Корниенко
|
| 320 |
|
|
|a Библиогр.: 8 назв.
|
| 463 |
|
0 |
|0 (RuTPU)RU\TPU\book\194420
|t Актуальные проблемы гуманитарных наук
|o сборник научных трудов
|f Томский политехнический университет (ТПУ)
|v С. 392-395
|d 2008
|p 562 с.
|
| 610 |
1 |
|
|a истина
|
| 610 |
1 |
|
|a субстанциолизм
|
| 610 |
1 |
|
|a единство
|
| 610 |
1 |
|
|a информация
|
| 610 |
1 |
|
|a знание
|
| 610 |
1 |
|
|a информационное общество
|
| 610 |
1 |
|
|a социальность
|
| 610 |
1 |
|
|a власть
|
| 610 |
1 |
|
|a труды учёных ТПУ
|
| 700 |
|
1 |
|a Корниенко
|b А. А.
|c российский философ
|c профессор Томского политехнического университета
|c заведующая кафедрой философии
|f 1941-
|g Алла Александровна
|3 (RuTPU)RU\TPU\pers\21967
|9 9286
|
| 801 |
|
1 |
|a RU
|b 63413507
|c 20101028
|
| 801 |
|
2 |
|a RU
|b 63413507
|c 20110128
|g RCR
|
| 942 |
|
|
|c BK
|